Normas Internacionales de Contabilidad

Detalles Bibliográficos
Autor principal: Garca̕ Montaǫ, Carlos Alberto
Otros Autores: Ortiz Carvajal, Luz Adriana
Formato: eBook
Lenguaje:español
Publicado: Bogot:̀ Ediciones de la U, 2019
Materias:
Acceso en línea:Acceso restringido

MARC

LEADER 00000nam a22000007a 4500
005 20191118134219.0
007 cr|||| ||||
008 191118s2019 co |||||s|||| 00||0 spa d
020 |a 978-958-792-031-4 
035 |a 30680 
040 |a vLex 
090 |c 10041  |d 10041 
100 1 |a Garca̕ Montaǫ, Carlos Alberto 
245 1 0 |a Normas Internacionales de Contabilidad  |h [Recurso electrn̤ico] /  |c Carlos Alberto Garca̕ Montaǫ, Luz Adriana Ortiz Carvajal 
256 |a Servicio en ln̕ea 
260 |a Bogot:̀  |b Ediciones de la U,  |c 2019 
300 |a 1 recurso electrn̤ico 
506 1 |a Disponible solo en los productos indicados  |d vLex Global  |d vLex Global (Academic Edition, excluding Law Schools)  |d vLex Global (U.S. Academic Edition, Law Schools)  |d vLex Global (U.S. Academic Edition, excluding Law Schools)  |d vLex Global (Academic Edition, Law Schools) 
650 0 4 |a Contabilidad  |z Colombia 
650 0 4 |a Derecho Fiscal  |z Colombia 
700 1 |a Ortiz Carvajal, Luz Adriana 
740 0 |a vLex Libros (Servicio en ln̕ea) 
856 4 0 |u http://vlex.com/source/normas-internacionales-contabilidad-30680  |z Acceso restringido 
942 |c BOOK 
999 0 |a Accounting 
999 0 |a Tax Law